Flags of countries in World War II (Axis Powers) - Statistics

General Stats
  • This quiz has been taken 68 times
  • The average score is 12 of 18
Answer Stats
Picture Answer % Correct
Germany
100%
Japan
100%
Italy
98%
Hungary
93%
Romania
93%
Bulgaria
90%
Finland
87%
Croatia
83%
Thailand
80%
Serbia
70%
Albania
65%
Vichy France
65%
Iraq
60%
Slovakia
55%
Burma
35%
Manchukuo
35%
Mengjiang
20%
Azad Hind
17%
No matching quizzes found
Score Distribution
Percent of People with Each Score
Percentile by Number Answered
Your Score History
You have not taken this quiz